Slovacko-russkije rečovyje paralleli v temach i situacijach

Salvato in:
Dettagli Bibliografici
Natura: Libro
Lingua:russo
Pubblicazione: Moskva Russkij jazyk 1985
Edizione:1. izd.
Tags: Aggiungi Tag
Nessun Tag, puoi essere il primo ad aggiungerne!!

MARC

LEADER 00000nam a2200000 4500
001 c024655
005 20240903100211.1
041 0 |a rus 
044 |a RU 
245 1 0 |a Slovacko-russkije rečovyje paralleli v temach i situacijach  |c Arton Rubenovič Arutjunov, Ján Dianovský, Vladimír Sergejevič Lizunov 
250 |a 1. izd. 
264 1 |a Moskva  |b Russkij jazyk  |c 1985 
300 |a 318 s.